000 00640nam a2200217 a 4500
005 20240925064429.0
008 991125s1981 mad 000 0 spa u
020 _a8471122006
035 _aUPN01000043520
049 _aCG
050 4 _aBF723 P25
_bP3.68
100 1 _aParke, Ross D.
245 1 3 _aEl papel del padre /
_cpor Ross D. Parke ; prol. por Jesús Palacios ; tr. Alfredo Guera Miralles.
260 _aMadrid :
_bMorata,
_c1981.
300 _a189 p.
440 3 _aEl desarrollo en el niño ;
_v14.
_pPsicología
440 0 _aBruner
650 4 _aNiño, Estudio del
_9221
650 4 _aPadres e hijos
_91360
905 _aLibro
999 _c43520
_d43520